01473nam a2200241Ia 4500001001100000003001000011008004100021040002500062041001300087100001200100245011700112250001100229260009000240300002700330500026000357501011400617520026000731650002300991942000701014957000601021999004201027952016201069L250-16788IT-CnALBA170116s9999||||xx |||||||||||||| ||und|| aIT-CnALBAcIT-CnALBA aITALIANO aAA. VV. 0aDIVENTARE CRISTIANI OGGI. RIFLESSIONI BIBLICHE, TEOLOGICHE E PASTORALI SUI SACRAMENTI DELL'INIZIAZIONE CRISTIAN  a1a ed. a BOLOGNA - NAPOLIbDEHONIANE EDIZIONI c1989 [1° Ed.:1989 - Ed.Ling.Originale: 1989] a128 p. (prefazione: 3) aI SACRAMENTI: INCONTRO CON CRISTO. NATURA E STORIA DEI SACRAMENTI. BATTESIMO A GERUSALEMME. EUCARISTIA. LA DOMENICA. SANTA CENA. SACRIFICIO. PRESENZA DI CRISTO. COMUNIONE. SEPOLTURA E RINASCITA IN CRISTO. LA PENTECOSTE DEL CRISTIANO: LA CONFERMAZIONE O CR aSocietà San Paolo EM - Piazza San Paolo, 14 - 12051 ALBA (CN) (non commercial uses only) ® Copyright 2017 aI SACRAMENTI: INCONTRO CON CRISTO. NATURA E STORIA DEI SACRAMENTI. BATTESIMO A GERUSALEMME. EUCARISTIA. LA DOMENICA. SANTA CENA. SACRIFICIO. PRESENZA DI CRISTO. COMUNIONE. SEPOLTURA E RINASCITA IN CRISTO. LA PENTECOSTE DEL CRISTIANO: LA CONFERMAZIONE O CR aTEOLOGIA PASTORALE cBK 71 a21533bNOg Copie: 1 c275944d275944 0010406L_2501678871aALBAbALBAd2017-01-16l0oL250-16788r2017-01-16 00:00:00w2017-01-16yBKz(data import: 16 gennaio 2017) - By Epidotti, Vaglietti.